Statistiken für Buchstabiere Das Langste Word Auf Deutsch

Klicken Sie hier um das Quiz zu spielen!

Allgemein

  • Dieses Quiz wurde 145 mal gespielt
  • Das Durchschnittsergebnis liegt bei 69 aus 77

Antwortstatistiken

LETTERS% Korrekt
A
98%
A
98%
A
98%
A
98%
A
98%
A
98%
A
98%
A
98%
D
97%
D
97%
I
96%
I
96%
I
96%
I
96%
H
95%
H
95%
H
95%
H
95%
E
92%
E
92%
E
92%
E
92%
E
92%
E
92%
E
92%
E
92%
E
92%
E
92%
E
92%
N
92%
N
92%
N
92%
N
92%
R
91%
R
91%
R
91%
R
91%
R
91%
S
91%
S
91%
S
91%
S
91%
S
91%
U
91%
U
91%
U
91%
U
91%
C
90%
C
90%
F
90%
F
90%
F
90%
T
89%
T
89%
T
89%
T
89%
T
89%
T
89%
T
89%
T
89%
T
89%
M
85%
M
85%
O
85%
P
82%
P
82%
G
80%
B
78%
B
78%
B
78%
B
78%
L
78%
L
78%
L
78%
K
71%
W
63%
Z
61%

Verteilung der Resultate

Perzentil nach korrekt beantworteten Fragen

Anzahl Personen mit jedem Resultat

Ihre Resultats-Entwicklung

Sie haben dieses Quiz noch nicht gespielt